Uso de zeolitas como secuestrante de aflotoxinas y micotoxinas en la alimentación del cerdo / Cinthya Marisol Fernández Páez (Record no. 216968)
[ view plain ]
| 000 -CABECERA | |
|---|---|
| campo de control de longitud fija | 00775nam a2200205Ia 4500 |
| 001 - NÚMERO DE CONTROL | |
| campo de control | Z_5461 |
| 008 - DATOS DE LONGITUD FIJA--INFORMACIÓN GENERAL | |
| campo de control de longitud fija | 220601s9999 xx 000 0 und d |
| 090 ## - LOCALMENTE ASIGNADO TIPO-LC NÚMERO DE CLASIFICACIÓN (OCLC); NÚMERO DE CLASIFICACIÓN LOCAL (RLIN) | |
| Número de clasificación (OCLC) (R) ; Numero de clasificación, CALL (RLIN) (NR) | Tesis F 1969 |
| 100 ## - ENTRADA PRINCIPAL--NOMBRE DE PERSONA | |
| Nombre de persona | Fernández Páez, Cinthya Marisol |
| 9 (RLIN) | 40266 |
| 245 ## - MENCIÓN DE TÍTULO | |
| Título | Uso de zeolitas como secuestrante de aflotoxinas y micotoxinas en la alimentación del cerdo / Cinthya Marisol Fernández Páez |
| 260 ## - PUBLICACIÓN, DISTRIBUCIÓN, ETC. | |
| Lugar de publicación, distribución, etc. | Chapingo, Méx. : El autor |
| 300 ## - DESCRIPCIÓN FÍSICA | |
| Extensión | 71 h.71 h. |
| 502 ## - NOTA DE TESIS | |
| Nota de tesis | Tesis (Ing. Agr. Esp. en Zootecnia) -- UACH. Departamento de Zootecnia |
| 650 ## - PUNTO DE ACCESO ADICIONAL DE MATERIA--TÉRMINO DE MATERIA | |
| Término de materia o nombre geográfico como elemento de entrada | 1. Zeolitas 2. Ganado porcino - Alimentación 3. Aflatoxinas 4. MicotoxinasÌ |
| 9 (RLIN) | 182386 |
| 901 ## - ELEMENTOS DE DATOS A LOCAL LDA (RLIN) | |
| a | TESIS F 1969 |
| 902 ## - ELEMENTOS DE DATOS B LOCAL, LDB (RLIN) | |
| a | M |
| 905 ## - ELEMENTOS DE DATOS E LOCAL, LDE (RLIN) | |
| a | 0000002006 0000000000 00 |
| 942 ## - ELEMENTOS DE PUNTO DE ACCESO ADICIONAL (KOHA) | |
| Tipo de ítem Koha | Tesis_ |
| Estado de retiro | Estado de pérdida | Fuente del sistema de clasificación o colocación | Estado dañado | No para préstamo | Código de colección | Localización permanente | Ubicación/localización actual | Ubicación en estantería | Fecha de adquisición | Total de préstamos | Código de barras | Fecha visto por última vez | Número de copia | Precio válido a partir de | Tipo de ítem Koha | Nota pública | Restricciones de uso |
|---|---|---|---|---|---|---|---|---|---|---|---|---|---|---|---|---|---|
| Clasificación Universidad Autónoma de Chapingo | Tesis | Zootecnia | Zootecnia | 05/12/2006 | zt_3331 | 02/06/2022 | 2 | 02/06/2022 | Tesis | 3 | |||||||
| Clasificación Universidad Autónoma de Chapingo | Tesis | Zootecnia | Zootecnia | 05/12/2006 | zt_3330 | 02/06/2022 | 1 | 02/06/2022 | Tesis | 3 | Préstamo interno |
